[Event "Titled Tuesday intern op 23rd Aug Late"]
[Site "Chess.com INT"]
[Date "2022.08.23"]
[Round "8"]
[White "Kaufman, Raymond"]
[Black "Vlassov, Nikolai"]
[Result "0-1"]
[WhiteElo "2202"]
[BlackElo "2283"]
[PlyCount "140"]
[GameId "1819150001995776"]
[EventDate "2022.08.23"]
[EventType "swiss (blitz)"]
[EventRounds "11"]
[EventCountry "USA"]
[SourceTitle "EXT 2023"]
[Source "ChessBase"]
[SourceDate "2022.10.05"]
[SourceVersion "1"]
[SourceVersionDate "2022.10.05"]
[SourceQuality "1"]

1. d4 Nf6 2. c4 Nc6 3. Nf3 e6 4. Nc3 Bb4 5. Qc2 d6 6. Bg5 h6 7. Bxf6 Qxf6 8. a3 Bxc3+ 9. Qxc3 e5 10. e3 Bg4 11. d5 Ne7 12. Be2 O-O 13. h3 Bh5 14. O-O-O c6 15. g4 Bg6 16. dxc6 bxc6 17. Rhg1 Rab8 18. h4 Rb7 19. h5 Be4 20. g5 Qe6 21. gxh6 Qxh6 22. Ng5 Bf5 23. Rg3 Rfb8 24. Rdg1 Rb3 25. Qd2 Rxa3 26. e4 Rxg3 27. Rxg3 Be6 28. Qxd6 Re8 29. Qxe5 Bc8 30. Qf4 f6 31. Ne6 Qxf4+ 32. Nxf4 Kf7 33. f3 c5 34. Nd5 Nc6 35. Kd2 Nd4 36. Bd3 Be6 37. Nf4 Bd7 38. Ke3 Rb8 39. Rg2 a5 40. h6 gxh6 41. Nh5 Rb3 42. Rg7+ Ke6 43. Nf4+ Kd6 44. Rg6 Ke7 45. Nd5+ Kf7 46. Rxf6+ Kg7 47. Rd6 Bh3 48. e5 Rxb2 49. e6 Bxe6 50. Ra6 Rb3 51. Nf4 Bxc4 52. Ra7+ Kf6 53. Ke4 Bf7 54. Ra6+ Kg7 55. Ke5 Nxf3+ 56. Kd6 c4 57. Be4 Ng5 58. Bf5 Rf3 59. Ke5 Re3+ 60. Kd4 Rf3 61. Ke5 c3 62. Ra7 Re3+ 63. Kd4 Rf3 64. Nh5+ Kf8 65. Ra8+ Ke7 66. Ra7+ Kd6 67. Rd7+ Kc6 68. Bg4 Bxh5 69. Bxf3+ Nxf3+ 70. Kxc3 Kxd7 0-1

[Event "Titled Tuesday intern op 23rd Aug Late"]
[Site "Chess.com INT"]
[Date "2022.08.23"]
[Round "9"]
[White "Roman, Rodrigo"]
[Black "Kaufman, Raymond"]
[Result "0-1"]
[WhiteElo "2078"]
[BlackElo "2202"]
[PlyCount "158"]
[GameId "1819150002409472"]
[EventDate "2022.08.23"]
[EventType "swiss (blitz)"]
[EventRounds "11"]
[EventCountry "USA"]
[SourceTitle "EXT 2023"]
[Source "ChessBase"]
[SourceDate "2022.10.05"]
[SourceVersion "1"]
[SourceVersionDate "2022.10.05"]
[SourceQuality "1"]

1. e4 c5 2. Nf3 e6 3. d4 cxd4 4. Nxd4 Nf6 5. Nc3 Nc6 6. Be3 Bb4 7. f3 d5 8. exd5 Nxd5 9. Nxc6 bxc6 10. Bd2 O-O 11. Bd3 Qb6 12. a3 Bxc3 13. bxc3 Rb8 14. Qe2 e5 15. c4 Nf4 16. Qf2 Nxd3+ 17. cxd3 Bf5 18. Qxb6 Rxb6 19. Rd1 Bxd3 20. Bb4 Rd8 21. Kf2 Rbb8 22. Rhe1 f6 23. Rc1 Bf5 24. g4 Be6 25. Re3 Kf7 26. h3 h5 27. Kg3 hxg4 28. hxg4 Rd4 29. Bc5 Rd2 30. Bxa7 Rbb2 31. Rg1 Bxc4 32. f4 exf4+ 33. Kxf4 g5+ 34. Kg3 Bd5 35. Bc5 Ra2 36. Bb4 Rdc2 37. Rd3 Kg6 38. Re3 Rg2+ 39. Rxg2 Rxg2+ 40. Kh3 f5 41. gxf5+ Kh5 42. Rg3 g4+ 43. Rxg4 Rxg4 44. f6 Rf4 45. Be7 Kg6 46. Kg3 Rxf6 47. Bxf6 Kxf6 48. Kf4 Ke6 49. Ke3 Kd6 50. Kd4 c5+ 51. Kc3 Kc6 52. Kd3 Kb5 53. Kc3 Ka4 54. Kb2 Be6 55. Kc2 Kxa3 56. Kc3 Ka4 57. Kc2 Kb4 58. Kb2 Kc4 59. Kc2 Bd5 60. Kd2 Kb3 61. Kc1 c4 62. Kb1 Be4+ 63. Kc1 Bd5 64. Kb1 c3 65. Kc1 c2 66. Kd2 Kb2 67. Kd3 c1=Q 68. Kd4 Qc4+ 69. Ke5 Bf3 70. Kd6 Qd5+ 71. Ke7 Qc6 72. Kf7 Bd5+ 73. Kg7 Qe6 74. Kh7 Bh1 75. Kh8 Qe7 76. Kg8 Kc3 77. Kh8 Kd4 78. Kg8 Ke5 79. Kh8 Kf6 0-1

[Event "Titled Tuesday intern op 23rd Aug Late"]
[Site "Chess.com INT"]
[Date "2022.08.23"]
[Round "10"]
[White "Kaufman, Raymond"]
[Black "Pinheiro, Iung Alicio"]
[Result "0-1"]
[WhiteElo "2202"]
[BlackElo "2320"]
[PlyCount "68"]
[GameId "1819150002507776"]
[EventDate "2022.08.23"]
[EventType "swiss (blitz)"]
[EventRounds "11"]
[EventCountry "USA"]
[SourceTitle "EXT 2023"]
[Source "ChessBase"]
[SourceDate "2022.10.05"]
[SourceVersion "1"]
[SourceVersionDate "2022.10.05"]
[SourceQuality "1"]

1. d4 Nf6 2. c4 Nc6 3. Nf3 e6 4. Nc3 Bb4 5. Qc2 O-O 6. a3 Bxc3+ 7. Qxc3 a5 8. Bg5 h6 9. Bh4 d6 10. e3 Re8 11. Be2 a4 12. Rd1 Qe7 13. d5 Nb8 14. Bxf6 Qxf6 15. Qxf6 gxf6 16. Nd4 Na6 17. dxe6 fxe6 18. f3 Bd7 19. Kf2 Nc5 20. h4 Ra6 21. g4 Rb6 22. Rd2 c6 23. Rhd1 Bc8 24. e4 Kf8 25. Ke3 Ke7 26. f4 e5 27. fxe5 dxe5 28. Nf5+ Bxf5 29. exf5 Rb3+ 30. Bd3 e4 31. Kd4 Nxd3 32. Kxe4 Nc5+ 33. Kf4 Kf7 34. Rd7+ Nxd7 0-1

[Event "Titled Tuesday intern op 23rd Aug Late"]
[Site "Chess.com INT"]
[Date "2022.08.23"]
[Round "11"]
[White "Simonovic, Miroslav"]
[Black "Kaufman, Raymond"]
[Result "0-1"]
[WhiteElo "2115"]
[BlackElo "2202"]
[PlyCount "80"]
[GameId "1819150002941952"]
[EventDate "2022.08.23"]
[EventType "swiss (blitz)"]
[EventRounds "11"]
[EventCountry "USA"]
[SourceTitle "EXT 2023"]
[Source "ChessBase"]
[SourceDate "2022.10.05"]
[SourceVersion "1"]
[SourceVersionDate "2022.10.05"]
[SourceQuality "1"]

1. d4 g6 2. h4 Nf6 3. Bg5 c5 4. Bxf6 exf6 5. c3 Qb6 6. Qc2 cxd4 7. cxd4 Nc6 8. e3 h5 9. Nd2 d5 10. a3 Bh6 11. g3 O-O 12. Bg2 Bf5 13. Qb3 Nxd4 14. Qxb6 Nc2+ 15. Kd1 axb6 16. Rc1 Rfc8 17. e4 dxe4 18. Rxc2 Rxc2 19. Kxc2 Rc8+ 20. Kd1 Rd8 21. f4 e3 22. Ngf3 Bf8 23. b4 exd2 24. Nxd2 Rd3 25. Ke2 Rxa3 26. Bxb7 Bd3+ 27. Kf2 Bxb4 28. Ne4 f5 29. Ng5 Ra2+ 30. Ke3 Bb5 31. Rb1 Bc5+ 32. Kf3 Be2+ 33. Kg2 Bd3+ 34. Kh3 Bxb1 35. Bd5 Rd2 36. Bxf7+ Kg7 37. Bc4 Bg1 38. Ne6+ Kf6 39. g4 fxg4+ 40. Kg3 Bh2# 0-1

[Event "Titled Tuesday intern op 30th Aug Early"]
[Site "Chess.com INT"]
[Date "2022.08.30"]
[Round "6"]
[White "Pappelis, Dimitrios"]
[Black "Kaufman, Raymond"]
[Result "1/2-1/2"]
[WhiteElo "2204"]
[BlackElo "2202"]
[PlyCount "193"]
[GameId "1821686354100224"]
[EventDate "2022.08.30"]
[EventType "swiss (blitz)"]
[EventRounds "11"]
[EventCountry "USA"]
[SourceTitle "EXT 2023"]
[Source "ChessBase"]
[SourceDate "2022.10.05"]
[SourceVersion "1"]
[SourceVersionDate "2022.10.05"]
[SourceQuality "1"]

1. e4 g6 2. d4 Nf6 3. Bd3 d6 4. c3 e5 5. Nf3 Nbd7 6. O-O Bg7 7. Re1 O-O 8. h3 Re8 9. Nbd2 Nh5 10. Nc4 Nb6 11. a4 Nxc4 12. Bxc4 Be6 13. Qb3 Bxc4 14. Qxc4 c6 15. Bg5 Qc7 16. Rad1 h6 17. Bc1 Rad8 18. b4 exd4 19. cxd4 Rxe4 20. Rxe4 d5 21. Qe2 dxe4 22. Qxe4 Qd7 23. Ne5 Qd5 24. Qxd5 Rxd5 25. Nf3 a5 26. Ba3 axb4 27. Bxb4 Bf8 28. Bxf8 Kxf8 29. Kf1 Ra5 30. Rb1 Ra7 31. g3 Nf6 32. Ne5 Nd5 33. a5 Kg7 34. Nd7 Nc3 35. Rb3 Nb5 36. Nc5 Rxa5 37. Nxb7 Ra1+ 38. Kg2 Nxd4 39. Rd3 Ra4 40. Nc5 Rc4 41. Nd7 Ne6 42. Ne5 Re4 43. Nxc6 Nc5 44. Rc3 Ne6 45. Rc2 h5 46. h4 Ra4 47. Rd2 Rc4 48. Ne5 Rc8 49. Nf3 Rc3 50. Rd7 Kf6 51. Rd2 Ra3 52. Re2 Nc5 53. Re1 Ne6 54. Re2 Ra8 55. Rc2 Ra5 56. Re2 Rf5 57. Rd2 Ra5 58. Re2 Ra3 59. Rd2 Nc5 60. Re2 Nd3 61. Re3 Rb3 62. Kf1 Rb1+ 63. Kg2 Nc5 64. Rc3 Rb5 65. Nd4 Ra5 66. Nc6 Rb5 67. Nd4 Rb4 68. Rxc5 Rxd4 69. Rc6+ Kg7 70. Rc7 Rd2 71. Rb7 Ra2 72. Rb6 Rd2 73. Rc6 Rd7 74. Rb6 Ra7 75. Rc6 Ra5 76. Rb6 f6 77. Rb7+ Kh6 78. Rb6 Rf5 79. Rc6 Kg7 80. Rc7+ Kh6 81. Rb7 g5 82. hxg5+ fxg5 83. Rb6+ Kg7 84. Rb7+ Kg6 85. Rb6+ Kg7 86. Rb7+ Rf7 87. Rxf7+ Kxf7 88. f4 g4 89. Kf2 Kf6 90. Ke3 Kf5 91. Kf2 Ke4 92. Ke2 h4 93. gxh4 Kxf4 94. Kf2 g3+ 95. Kg2 Kg4 96. h5 Kxh5 97. Kxg3 1/2-1/2

[Event "Titled Tuesday intern op 30th Aug Early"]
[Site "Chess.com INT"]
[Date "2022.08.30"]
[Round "8"]
[White "Kaufman, Raymond"]
[Black "Gottstein, Claudius Thomas"]
[Result "0-1"]
[WhiteElo "2202"]
[BlackElo "2113"]
[PlyCount "64"]
[GameId "1821686354931712"]
[EventDate "2022.08.30"]
[EventType "swiss (blitz)"]
[EventRounds "11"]
[EventCountry "USA"]
[SourceTitle "EXT 2023"]
[Source "ChessBase"]
[SourceDate "2022.10.05"]
[SourceVersion "1"]
[SourceVersionDate "2022.10.05"]
[SourceQuality "1"]

1. e4 Nf6 2. e5 Nd5 3. d4 d6 4. Nf3 Bg4 5. Be2 c6 6. Ng5 Bf5 7. O-O h6 8. Nf3 e6 9. a3 dxe5 10. Nxe5 Nd7 11. Nxd7 Qxd7 12. c4 Nf6 13. Nc3 Be7 14. Bf3 Rd8 15. Be3 O-O 16. Re1 a5 17. Na4 Qc7 18. Qd2 b5 19. cxb5 cxb5 20. Nc3 b4 21. axb4 Bxb4 22. Qe2 Nd5 23. Bxd5 exd5 24. Qh5 Bg6 25. Qf3 Bxc3 26. Rec1 Be4 27. Qh3 Qb6 28. bxc3 Ra8 29. c4 dxc4 30. Rxc4 Qb3 31. Rca4 Rfb8 32. Bc1 Qd1# 0-1

[Event "Titled Tuesday intern op 30th Aug Early"]
[Site "Chess.com INT"]
[Date "2022.08.30"]
[Round "10"]
[White "Piliczewski, Bogusz"]
[Black "Kaufman, Raymond"]
[Result "0-1"]
[WhiteElo "1950"]
[BlackElo "2202"]
[PlyCount "52"]
[GameId "1821686356103168"]
[EventDate "2022.08.30"]
[EventType "swiss (blitz)"]
[EventRounds "11"]
[EventCountry "USA"]
[SourceTitle "EXT 2023"]
[Source "ChessBase"]
[SourceDate "2022.10.05"]
[SourceVersion "1"]
[SourceVersionDate "2022.10.05"]
[SourceQuality "1"]

1. d4 Nf6 2. Bf4 d5 3. e3 e6 4. Bd3 Bd6 5. Bg3 O-O 6. Nd2 Re8 7. Ngf3 c5 8. c3 Nc6 9. Ne5 Qc7 10. f4 h6 11. Qe2 Ne7 12. Bh4 Nf5 13. Bxf6 gxf6 14. Ng4 Kg7 15. O-O-O cxd4 16. exd4 Bxf4 17. Qf2 h5 18. Nxf6 Kxf6 19. Bxf5 exf5 20. Rhf1 Be3 21. Qh4+ Kg7 22. Qxh5 Rh8 23. Qf3 Bxd4 24. Qxd5 Bf6 25. Nf3 Be6 26. Qd2 Bxa2 0-1

[Event "Titled Tuesday intern op 30th Aug Early"]
[Site "Chess.com INT"]
[Date "2022.08.30"]
[Round "11"]
[White "Lakshmi, Chidambaram"]
[Black "Kaufman, Raymond"]
[Result "0-1"]
[WhiteElo "1959"]
[BlackElo "2202"]
[PlyCount "34"]
[GameId "1821686356561920"]
[EventDate "2022.08.30"]
[EventType "swiss (blitz)"]
[EventRounds "11"]
[EventCountry "USA"]
[SourceTitle "EXT 2023"]
[Source "ChessBase"]
[SourceDate "2022.10.05"]
[SourceVersion "1"]
[SourceVersionDate "2022.10.05"]
[SourceQuality "1"]

1. e4 c5 2. Nf3 e6 3. d4 cxd4 4. Nxd4 Nf6 5. Nc3 Nc6 6. a3 d5 7. exd5 Nxd5 8. Nxd5 Qxd5 9. Be3 Bd7 10. Nb5 Qe5 11. Qd3 Qxb2 12. Rd1 O-O-O 13. Bxa7 Ne5 14. Qe3 Bxa3 15. Qb6 Bxb5 16. Bxb5 Rxd1+ 17. Kxd1 Rd8+ 0-1

[Event "Titled Tuesday intern op 13th Sep Late"]
[Site "Chess.com INT"]
[Date "2022.09.13"]
[Round "1"]
[White "Tanenbaum, Zachary Chen"]
[Black "Kaufman, Raymond"]
[Result "1-0"]
[WhiteElo "2142"]
[BlackElo "2202"]
[PlyCount "53"]
[GameId "1826751783653376"]
[EventDate "2022.09.13"]
[EventType "swiss (blitz)"]
[EventRounds "11"]
[EventCountry "USA"]
[SourceTitle "EXT 2023"]
[Source "ChessBase"]
[SourceDate "2022.10.05"]
[SourceVersion "1"]
[SourceVersionDate "2022.10.05"]
[SourceQuality "1"]

1. e4 e5 2. Nf3 Nc6 3. Bc4 Bc5 4. c3 Nf6 5. d3 d6 6. Nbd2 O-O 7. a4 a5 8. Nf1 Be6 9. Bxe6 fxe6 10. Ng3 Qd7 11. O-O Ba7 12. h3 h6 13. Be3 Bxe3 14. fxe3 Rf7 15. Nd2 Raf8 16. Qb3 b6 17. Rf3 Ne7 18. Raf1 g5 19. d4 Ng6 20. Nc4 exd4 21. exd4 d5 22. exd5 Qxd5 23. Qc2 Nh4 24. Ne5 Nxf3+ 25. Rxf3 Nh7 26. Rxf7 Rxf7 27. Nxf7 1-0

[Event "Titled Tuesday intern op 13th Sep Late"]
[Site "Chess.com INT"]
[Date "2022.09.13"]
[Round "6"]
[White "Winkels, Marcel"]
[Black "Kaufman, Raymond"]
[Result "0-1"]
[WhiteElo "1951"]
[BlackElo "2202"]
[PlyCount "62"]
[GameId "1826751786168320"]
[EventDate "2022.09.13"]
[EventType "swiss (blitz)"]
[EventRounds "11"]
[EventCountry "USA"]
[SourceTitle "EXT 2023"]
[Source "ChessBase"]
[SourceDate "2022.10.05"]
[SourceVersion "1"]
[SourceVersionDate "2022.10.05"]
[SourceQuality "1"]

1. e4 g6 2. d4 Nf6 3. Nc3 d5 4. e5 Ne4 5. Bd3 Nxc3 6. bxc3 c5 7. Nf3 Nc6 8. O-O Bg4 9. Be3 e6 10. Rb1 Qc7 11. h3 Bxf3 12. Qxf3 Be7 13. Rfe1 c4 14. Bf1 h5 15. a4 g5 16. Rb5 g4 17. hxg4 hxg4 18. Qxg4 O-O-O 19. Reb1 b6 20. g3 Rdg8 21. Qf3 f6 22. exf6 Bd6 23. f7 Rf8 24. Bg2 Rxf7 25. Qg4 Qd7 26. Re1 Rg7 27. Qf3 Rf8 28. Qh5 Ne7 29. Bh3 Nf5 30. Bg5 Rfg8 31. f4 Rxg5 0-1

[Event "Titled Tuesday intern op 13th Sep Late"]
[Site "Chess.com INT"]
[Date "2022.09.13"]
[Round "7"]
[White "Kaufman, Raymond"]
[Black "Ghasi, Ameet K"]
[Result "0-1"]
[WhiteElo "2202"]
[BlackElo "2471"]
[PlyCount "68"]
[GameId "1826751786504192"]
[EventDate "2022.09.13"]
[EventType "swiss (blitz)"]
[EventRounds "11"]
[EventCountry "USA"]
[SourceTitle "EXT 2023"]
[Source "ChessBase"]
[SourceDate "2022.10.05"]
[SourceVersion "1"]
[SourceVersionDate "2022.10.05"]
[SourceQuality "1"]

1. d4 Nf6 2. c4 g6 3. Nc3 Bg7 4. e4 O-O 5. Nf3 d6 6. Be2 Bg4 7. Be3 Nc6 8. d5 Nb4 9. O-O c6 10. dxc6 Nxc6 11. Rc1 Rc8 12. b3 a6 13. Nd4 Bd7 14. a4 Re8 15. Kh1 Qa5 16. f4 Nxd4 17. Bxd4 Bc6 18. Bf3 Rcd8 19. Nd5 Bxd5 20. exd5 b5 21. cxb5 axb5 22. Bc3 Qb6 23. a5 Qb7 24. b4 Rc8 25. Qd3 Red8 26. Bd4 Rc4 27. Rxc4 bxc4 28. Qxc4 Rc8 29. Qd3 Qxb4 30. a6 Nd7 31. a7 Bxd4 32. Rb1 Qa4 33. Bg4 f5 34. Bf3 Qxa7 0-1

[Event "Titled Tuesday intern op 13th Sep Late"]
[Site "Chess.com INT"]
[Date "2022.09.13"]
[Round "8"]
[White "Andersen, Alec C"]
[Black "Kaufman, Raymond"]
[Result "0-1"]
[WhiteElo "2079"]
[BlackElo "2202"]
[PlyCount "58"]
[GameId "1826751786868736"]
[EventDate "2022.09.13"]
[EventType "swiss (blitz)"]
[EventRounds "11"]
[EventCountry "USA"]
[SourceTitle "EXT 2023"]
[Source "ChessBase"]
[SourceDate "2022.10.05"]
[SourceVersion "1"]
[SourceVersionDate "2022.10.05"]
[SourceQuality "1"]

1. d4 Nf6 2. c4 e6 3. Nf3 Bb4+ 4. Nbd2 b6 5. a3 Bxd2+ 6. Qxd2 Bb7 7. g3 O-O 8. Bg2 d5 9. b3 Nbd7 10. O-O c5 11. Ne5 cxd4 12. Qxd4 Nxe5 13. Qxe5 Qe7 14. Bg5 Rfd8 15. Rfd1 dxc4 16. Bxb7 Qxb7 17. Bxf6 gxf6 18. Qxf6 Rd5 19. bxc4 Rf5 20. Rd8+ Rxd8 21. Qxd8+ Kg7 22. Rd1 Qe4 23. Rd4 Qxe2 24. Rd2 Qe1+ 25. Kg2 Qe4+ 26. Kg1 Qxc4 27. h4 h5 28. Qd7 Qc1+ 29. Kg2 Qxa3 0-1

[Event "Titled Tuesday intern op 13th Sep Late"]
[Site "Chess.com INT"]
[Date "2022.09.13"]
[Round "11"]
[White "Matt, Fabian"]
[Black "Kaufman, Raymond"]
[Result "0-1"]
[WhiteElo "2265"]
[BlackElo "2202"]
[PlyCount "66"]
[GameId "1826751787851776"]
[EventDate "2022.09.13"]
[EventType "swiss (blitz)"]
[EventRounds "11"]
[EventCountry "USA"]
[SourceTitle "EXT 2023"]
[Source "ChessBase"]
[SourceDate "2022.10.05"]
[SourceVersion "1"]
[SourceVersionDate "2022.10.05"]
[SourceQuality "1"]

1. d4 Nf6 2. c4 g6 3. Nf3 Bg7 4. g3 O-O 5. Bg2 d6 6. O-O Nbd7 7. Nc3 e5 8. e4 c6 9. Re1 exd4 10. Nxd4 Qb6 11. Nb3 Ne5 12. Be3 Qc7 13. Qe2 Be6 14. Nd2 Neg4 15. Bg5 h6 16. Bf4 g5 17. Be3 Nxe3 18. Qxe3 Ng4 19. Qe2 Qb6 20. Nf3 Rfe8 21. Rad1 Qc5 22. h3 Ne5 23. Nxe5 Bxe5 24. Qh5 Kg7 25. Kh2 Qxf2 26. Rf1 Qxg3+ 27. Kg1 Bxc4 28. Rf3 Qh2+ 29. Kf2 c5 30. Rh1 Bd4+ 31. Ke1 Qxg2 32. Rhf1 Bxc3+ 33. bxc3 Qe2# 0-1

[Event "Titled Tuesday intern op 04th Oct Late"]
[Site "Chess.com INT"]
[Date "2022.10.04"]
[Round "1"]
[White "Kaufman, Raymond"]
[Black "Bazeev, German"]
[Result "1/2-1/2"]
[WhiteElo "2202"]
[BlackElo "2380"]
[PlyCount "137"]
[GameId "1834363229855744"]
[EventDate "2022.10.04"]
[EventType "swiss (blitz)"]
[EventRounds "11"]
[EventCountry "USA"]
[SourceTitle "EXT 2023"]
[Source "ChessBase"]
[SourceDate "2022.10.05"]
[SourceVersion "1"]
[SourceVersionDate "2022.10.05"]
[SourceQuality "1"]

1. d4 Nf6 2. c4 e6 3. Nf3 b6 4. g3 Bb7 5. Bg2 Bb4+ 6. Bd2 c5 7. d5 exd5 8. Nh4 O-O 9. Bxb4 cxb4 10. O-O Re8 11. Nf5 d6 12. cxd5 g6 13. Ne3 Rxe3 14. fxe3 Nbd7 15. Qd4 Qe7 16. Nd2 Re8 17. Nc4 Ba6 18. Rac1 Bxc4 19. Rxc4 Nc5 20. e4 Nfd7 21. Kh1 a5 22. a3 b3 23. Rc3 a4 24. Rcf3 Ne5 25. R3f2 h5 26. h3 Qg5 27. Kh2 h4 28. g4 Qd8 29. Rf6 Kg7 30. Qf2 Qe7 31. Qxh4 Ncd7 32. g5 Rh8 33. Qg3 Kg8 34. R6f2 Rh7 35. Kg1 Nc4 36. Qc3 b5 37. Qg3 Qe5 38. Qxe5 Ndxe5 39. Rc1 Rh5 40. e3 Rxg5 41. Kh2 Kf8 42. Bf1 Ke7 43. Bxc4 bxc4 44. h4 Rh5 45. Kg3 Nd3 46. Rxc4 Nxf2 47. Kxf2 Rxh4 48. Rxa4 Rh2+ 49. Kg3 Rxb2 50. Rb4 Kf6 51. Rb7 Rb1 52. a4 b2 53. Kg2 Ke5 54. Re7+ Kf6 55. Rb7 Ra1 56. Rxb2 Rxa4 57. Kf3 Ra7 58. Rb6 Ke5 59. Rb8 Re7 60. Rf8 g5 61. Rg8 f6 62. Rf8 g4+ 63. Kxg4 Kxe4 64. Rxf6 Kxd5 65. Kf4 Re4+ 66. Kf3 Re5 67. e4+ Rxe4 68. Rxd6+ Kxd6 69. Kxe4 1/2-1/2

[Event "Titled Tuesday intern op 04th Oct Late"]
[Site "Chess.com INT"]
[Date "2022.10.04"]
[Round "2"]
[White "Kaufman, Raymond"]
[Black "Nasuta, Grzegorz"]
[Result "0-1"]
[WhiteElo "2202"]
[BlackElo "2542"]
[PlyCount "64"]
[GameId "1834363230392320"]
[EventDate "2022.10.04"]
[EventType "swiss (blitz)"]
[EventRounds "11"]
[EventCountry "USA"]
[SourceTitle "EXT 2023"]
[Source "ChessBase"]
[SourceDate "2022.10.05"]
[SourceVersion "1"]
[SourceVersionDate "2022.10.05"]
[SourceQuality "1"]

1. e4 c5 2. Nf3 d6 3. Bb5+ Bd7 4. Bxd7+ Nxd7 5. O-O Ngf6 6. Qe2 e6 7. Rd1 Be7 8. d4 cxd4 9. Nxd4 O-O 10. c4 a6 11. Nc3 Rc8 12. a4 Qc7 13. b3 Nc5 14. Rb1 Rfe8 15. h3 h6 16. Nf3 Bf8 17. Bf4 Red8 18. b4 Ncd7 19. c5 e5 20. Bh2 dxc5 21. b5 c4 22. Nd5 Nxd5 23. Rxd5 c3 24. Qc2 f6 25. bxa6 bxa6 26. Rb3 a5 27. Rdb5 Bb4 28. Nh4 Nc5 29. Rb1 Rd2 30. Qc1 Nd3 31. Qf1 c2 32. Rc1 Nxc1 0-1

[Event "Titled Tuesday intern op 04th Oct Late"]
[Site "Chess.com INT"]
[Date "2022.10.04"]
[Round "4"]
[White "Aggelis, Nikolaos"]
[Black "Kaufman, Raymond"]
[Result "1-0"]
[WhiteElo "2287"]
[BlackElo "2202"]
[PlyCount "69"]
[GameId "1834363232845824"]
[EventDate "2022.10.04"]
[EventType "swiss (blitz)"]
[EventRounds "11"]
[EventCountry "USA"]
[SourceTitle "EXT 2023"]
[Source "ChessBase"]
[SourceDate "2022.10.05"]
[SourceVersion "1"]
[SourceVersionDate "2022.10.05"]
[SourceQuality "1"]

1. d4 d5 2. Nf3 e6 3. g3 c5 4. Bg2 Nf6 5. O-O Nc6 6. c4 dxc4 7. Qa4 Bd7 8. dxc5 Bxc5 9. Qxc4 Be7 10. Rd1 Rc8 11. e4 Ne5 12. Qe2 Nxf3+ 13. Bxf3 e5 14. Nc3 h6 15. Be3 Qa5 16. a3 O-O 17. b4 Qa6 18. Qxa6 bxa6 19. Nd5 Nxd5 20. Rxd5 Be6 21. Ra5 Rc6 22. Bxa7 Rd8 23. Be2 Rd2 24. Rxa6 Rcc2 25. Bf1 h5 26. Be3 Rd8 27. b5 h4 28. a4 h3 29. b6 Rb8 30. a5 Bc5 31. Bxc5 Rxc5 32. Ra7 Rc2 33. Rc7 Rb2 34. Rc6 Rd8 35. a6 1-0

[Event "Titled Tuesday intern op 04th Oct Late"]
[Site "Chess.com INT"]
[Date "2022.10.04"]
[Round "6"]
[White "Kaufman, Raymond"]
[Black "Stanisz, Patryk"]
[Result "1-0"]
[WhiteElo "2202"]
[BlackElo "2169"]
[PlyCount "99"]
[GameId "1834363234840576"]
[EventDate "2022.10.04"]
[EventType "swiss (blitz)"]
[EventRounds "11"]
[EventCountry "USA"]
[SourceTitle "EXT 2023"]
[Source "ChessBase"]
[SourceDate "2022.10.05"]
[SourceVersion "1"]
[SourceVersionDate "2022.10.05"]
[SourceQuality "1"]

1. e4 c5 2. Nf3 Nc6 3. Bb5 g6 4. O-O Bg7 5. Re1 Nf6 6. Bxc6 dxc6 7. h3 O-O 8. d3 Nd7 9. e5 e6 10. Nc3 b6 11. Bf4 Qe7 12. Ne4 Ba6 13. Qd2 Rfd8 14. Bg5 f6 15. exf6 Nxf6 16. Nxf6+ Bxf6 17. Qf4 Rf8 18. Qg4 Rae8 19. Re3 Bc8 20. Rae1 e5 21. Bxf6 Rxf6 22. Qc4+ Qf7 23. Qxf7+ Rxf7 24. Nxe5 Rf6 25. Ng4 Rxe3 26. Nxf6+ Kf7 27. Rxe3 Kxf6 28. Re8 Be6 29. a3 a5 30. f4 h5 31. a4 b5 32. b3 c4 33. dxc4 bxc4 34. bxc4 Bxc4 35. Ra8 Kf5 36. Rxa5+ Kxf4 37. Rc5 Be2 38. Kf2 Ba6 39. g3+ Ke4 40. Rxc6 Bb7 41. Rxg6 Bc8 42. g4 hxg4 43. hxg4 Kf4 44. a5 Bb7 45. c4 Ba8 46. c5 Bb7 47. Rg7 Ba8 48. a6 Ke5 49. a7 Kf6 50. Rg8 1-0

[Event "Titled Tuesday intern op 04th Oct Late"]
[Site "Chess.com INT"]
[Date "2022.10.04"]
[Round "8"]
[White "Kaufman, Raymond"]
[Black "Shuvalov, Evgenij"]
[Result "0-1"]
[WhiteElo "2202"]
[BlackElo "2149"]
[PlyCount "74"]
[GameId "1834363236069376"]
[EventDate "2022.10.04"]
[EventType "swiss (blitz)"]
[EventRounds "11"]
[EventCountry "USA"]
[SourceTitle "EXT 2023"]
[Source "ChessBase"]
[SourceDate "2022.10.05"]
[SourceVersion "1"]
[SourceVersionDate "2022.10.05"]
[SourceQuality "1"]

1. e4 e6 2. d4 d5 3. Nc3 Bb4 4. Nge2 dxe4 5. a3 Bxc3+ 6. Nxc3 Nc6 7. Bb5 Nge7 8. Be3 O-O 9. Nxe4 f5 10. Ng5 f4 11. Bd2 Qxd4 12. Bd3 Qe5+ 13. Ne4 Nd5 14. c4 Nf6 15. Bc3 Nd4 16. Qe2 c5 17. Nxf6+ Qxf6 18. Qe4 g6 19. O-O-O e5 20. h4 Bf5 21. Qd5+ Kh8 22. Bxd4 cxd4 23. Bxf5 Qxf5 24. Rhe1 Rfe8 25. Re4 Rad8 26. Qxb7 Rb8 27. Qc6 Rbc8 28. Qb7 Rxc4+ 29. Kb1 f3 30. g3 Rcc8 31. Rde1 d3 32. Ka2 d2 33. Rd1 Qe6+ 34. Kb1 Red8 35. Qb5 Qf5 36. Qb4 Rd4 37. g4 Qxe4+ 0-1

[Event "Titled Tuesday intern op 04th Oct Late"]
[Site "Chess.com INT"]
[Date "2022.10.04"]
[Round "9"]
[White "Souleidis, Georgios"]
[Black "Kaufman, Raymond"]
[Result "1-0"]
[WhiteElo "2410"]
[BlackElo "2202"]
[PlyCount "59"]
[GameId "1834363236605952"]
[EventDate "2022.10.04"]
[EventType "swiss (blitz)"]
[EventRounds "11"]
[EventCountry "USA"]
[SourceTitle "EXT 2023"]
[Source "ChessBase"]
[SourceDate "2022.10.05"]
[SourceVersion "1"]
[SourceVersionDate "2022.10.05"]
[SourceQuality "1"]

1. e4 e5 2. Nc3 Nf6 3. d4 exd4 4. Qxd4 Nc6 5. Qd3 Bb4 6. Bd2 O-O 7. O-O-O Re8 8. Nge2 d6 9. Bg5 Be6 10. f4 h6 11. h4 hxg5 12. hxg5 Ng4 13. Qg3 Bc5 14. Qh4 Kf8 15. f5 Be3+ 16. Kb1 Qxg5 17. fxe6 Qxh4 18. Rxh4 Nf2 19. Nd5 Bh6 20. exf7 Kxf7 21. Re1 Rxe4 22. Rxe4 Nxe4 23. Nxc7 Rc8 24. Nb5 Nd2+ 25. Ka1 Nb4 26. Ned4 Rc5 27. c3 Nc6 28. Nxd6+ Kg6 29. Ne4 Nxe4 30. Rxe4 1-0